Famous Christians by Picture - Statistics

General Stats
  • This quiz has been taken 202 times
    36 since last reset
  • The average score is 13 of 28
Answer Stats
Picture Answer % Correct
Donald Trump
100%
Elvis Presley
94%
Dolly Parton
82%
Chris Hemsworth
79%
Justin Bieber
79%
Ronald Reagan
76%
Denzel Washington
73%
Charlie Kirk
64%
Mel Gibson
64%
Hugh Jackman
61%
Mark Wahlberg
58%
Chris Pratt
55%
Tim Allen
52%
John Wayne
48%
Kelly Clarkson
48%
Billy Graham
33%
Chance the Rapper
33%
Joel Osteen
30%
Carrie Underwood
27%
Tyler Perry
27%
Kirk Cameron
21%
Forrest Frank
18%
Candace Cameron Bure
15%
Dean Cain
12%
Lecrae
12%
Kevin Sorbo
9%
Mandy Moore
9%
Brandon Lake
6%
No matching quizzes found
Score Distribution
Percent of People with Each Score
Percentile by Number Answered
Your Score History
You have not taken this quiz since the last reset